| 000 | 00580nam a22001937a 4500 | ||
|---|---|---|---|
| 999 |
_c3424 _d3424 |
||
| 008 | 160715b xxu||||| |||| 00| 0 eng d | ||
| 020 | _a0072368691 | ||
| 020 | _a0071226710 | ||
| 082 | _aDC 512.13 B26c 2002 | ||
| 100 |
_911408 _aBarnnet, Raymond. |
||
| 245 |
_aCollege algebra with trigonometry/ _cRaymond A. Barnett, Michael R. Ziegler and Karl E. Byleen. |
||
| 250 | _aSeventh edition. | ||
| 260 |
_aUSA: _bMcGraw-Hill, _cc2002. |
||
| 300 | _apages 381-909. | ||
| 500 | _aIncludes index. | ||
| 650 | 0 |
_911423 _aAlgebra. |
|
| 650 | 0 |
_911424 _aTrigonometry. |
|
| 942 |
_2ddc _cDC |
||